2024 NCAA Tournament Teams Map Quiz - Statistics

General Stats
  • This quiz has been taken 1,032 times
  • The average score is 49 of 68
Answers on the Map
Answers color-coded by a green-red scale on the quiz's map according to % correct below.
 
Answer Stats
Region Seed Team % Correct
Midwest 7 Texas
94%
West 1 North Carolina
93%
Midwest 11 Oregon
93%
West 4 Alabama
91%
West 2 Arizona
91%
West 9 Michigan State
91%
South 7 Florida
90%
South 10 Colorado
89%
East 2 Iowa State
89%
South 3 Kentucky
89%
East 1 UConn
89%
South 1 Houston
88%
Midwest 4 Kansas
88%
West 11 New Mexico
88%
South 4 Duke
87%
East 3 Illinois
87%
South 5 Wisconsin
87%
South 8 Nebraska
86%
West 10 Nevada
86%
South 10 Boise State
85%
Midwest 10 Colorado State
85%
East 5 San Diego State
85%
Midwest 6 South Carolina
85%
East 15 South Dakota State
85%
South 6 Texas Tech
85%
Midwest 8 Utah State
85%
Midwest 10 Virginia
85%
East 7 Washington State
85%
Midwest 2 Tennessee
84%
East 4 Auburn
83%
Midwest 16 Montana State
83%
Midwest 1 Purdue
83%
East 6 BYU
82%
Midwest 5 Gonzaga
82%
South 13 Vermont
82%
South 11 NC State
81%
West 8 Mississippi State
80%
South 9 Texas A&M
80%
West 5 Saint Mary's
79%
West 3 Baylor
76%
West 6 Clemson
76%
East 8 FAU
74%
Midwest 3 Creighton
73%
East 9 Northwestern
72%
West 12 Grand Canyon
68%
South 2 Marquette
68%
Midwest 9 TCU
65%
East 13 Yale
64%
Midwest 14 Akron
62%
South 14 Oakland
61%
East 10 Drake
60%
West 13 Charleston
57%
South 15 Western Kentucky
57%
West 7 Dayton
55%
East 12 UAB
55%
South 12 James Madison
54%
East 11 Duquesne
48%
Midwest 12 McNeese State
48%
Midwest 15 St. Peter's
45%
West 16 Howard
42%
East 16 Stetson
42%
Midwest 16 Grambling State
41%
West 15 Long Beach State
41%
East 14 Morehead State
39%
Midwest 13 Samford
39%
West 14 Colgate
37%
South 16 Longwood
35%
West 16 Wagner
35%
No matching quizzes found
Score Distribution
Percent of People with Each Score
Percentile by Number Answered
Your Score History
You have not taken this quiz